Municípios brasileiros com maior PIB per capita - Statistics

Estatísticas Gerais
  • Esse quiz foi jogado 20 vezes
  • A pontuação média é 2 de 20
Estatísticas das Respostas
PIB per capita (R$) UF Município % Correto
511.810,82 RJ Maricá
56%
457.517,70 SP Paulínia
25%
580.174,17 ES Presidente Kennedy
25%
430.464,73 RS Triunfo
25%
321.810,96 BA São Francisco do Conde
19%
458.767,96 RJ Saquarema
19%
894.806,28 PA Canaã dos Carajás
13%
362.591,97 MG Extrema
13%
455.838,10 MT Campos de Júlio
6%
920.833,97 MG Catas Altas
6%
385.773,53 SP Louveira
6%
684.168,71 MG São Gonçalo do Rio Abaixo
6%
287.384,67 SP Cajamar
0%
282.683,22 RS Candiota
0%
519.040,92 MG Conceição do Mato Dentro
0%
385.605,85 SP Ilhabela
0%
610.779,65 MG Itatiaiuçu
0%
407.353,20 MG Jeceaba
0%
352.413,31 RS Muitos Capões
0%
343.161,27 MT Santa Rita do Trivelato
0%
Nenhum quiz correspondente encontrado
Distribuição das Pontuações
Porcentagem de Pessoas com Cada Pontuação
Percentil de Números Respondidos
Sua Pontuação Histórica
Você não jogou esse quiz